书目信息 |
| 题名: |
瑞士简史
|
|
| 作者: | 埃·邦儒尔 著 ;南京大学历史系编译组 译 | |
| 分册: | 下册 | |
| 出版信息: | 南京 江苏人民出版社 1974.5 |
|
| 页数: | 337-710页 | |
| 开本: | 20cm | |
| 丛书名: | ||
| 单 册: | ||
| 中图分类: | K522.0 | |
| 科图分类: | ||
| 主题词: | 欧洲--历史 | |
| 电子资源: | ||
| ISBN: | ||
| 000 | 00730nam0 2200241 45 | |
| 001 | 0212050858 | |
| 005 | 20031219104101.7 | |
| 010 | @dCNY2.30 | |
| 091 | @a11100.008 | |
| 100 | @a20021205d1974 km y0chiy0120 ea | |
| 101 | 0 | @achi |
| 105 | @ab z 000yy | |
| 200 | 1 | @a瑞士简史@h下册@ARui Shi Jian Shi@f(瑞士)埃·邦儒尔等著@F(Rui Shi)Ai·Bang Ru Er Deng Zhu@g南京大学历史系编译组译 |
| 210 | @a南京@c江苏人民出版社@d1974.5 | |
| 215 | @a337-710页@c地图@d20cm | |
| 300 | @a内部读物 | |
| 320 | @a索引 | |
| 606 | 0 | @a欧洲@x历史 |
| 690 | @aK522.0@v1 | |
| 701 | 0 | @a埃·邦儒尔@4著 |
| 712 | 02 | @a南京大学历史系编译组@ANan Jing Da Xue Li Shi Xi Bian Yi Zu@4译 |
| 801 | @aCN@bTSTC@c20021205 | |
| 905 | @dK522.0@e2:2@f2@b219183-184 | |
| 瑞士简史.下册/(瑞士)埃·邦儒尔等著/南京大学历史系编译组译.-南京:江苏人民出版社,1974.5 |
| 337-710页:地图;20cm |
| 内部读物 |
| ISBN :CNY2.30 |
| ● |
| 相关链接 |
|
|
|
|
正题名:瑞士简史
索取号:K522.0/2:2
 
预约/预借
| 序号 | 登录号 | 条形码 | 馆藏地/架位号 | 状态 | 备注 |
| 1 | 0219183 | 001732101 | 第二样本阅览室/ [索取号:K522.0/2:2] | 在馆 | |
| 2 | 0219184 | 001732398 | 第二借阅区/ [索取号:K522.0/2:2] | 在馆 |